000 00521nam a2200217Ia 4500
003 OSt
005 20230503110008.0
008 210423s2002 xx 000 0 und d
020 _a8179100251
040 _cAL
041 _aeng
082 _a581.634 TRIP
100 _aTRIVEDI (Pravin Chandra).
_996682
245 _aEthnobotany.
260 _aJaipur
_bAavishkar Publishers
_c2002
300 _axvi
_bPB
365 _b1700
_cINR
650 _aEconomic Botany
_996683
906 _aEthnobotany.
942 _2ddc
_cBK
999 _c163035
_d163035